Balance de 25 aǫs de jurisprudencia de la Corte Constitucional

Bibliographic Details
Main Author: Guerrero Přez, Luis Guillermo
Other Authors: Polo Rosero, Miguel, Escobar Garca̕, Claudia
Format: eBook
Language:Spanish
Published: Bogot:̀ Pontificia Universidad Javeriana, 2019
Subjects:
Online Access:Acceso restringido

MARC

LEADER 00000nam a22000007a 4500
005 20201120102719.0
007 cr|||| ||||
008 201120s2019 co |||||s|||| 00||0 spa d
020 |a 978-958-781-415-6 
035 |a 32265 
040 |a vLex 
090 |c 10912  |d 10912 
100 1 |a Guerrero Přez, Luis Guillermo 
245 1 0 |a Balance de 25 aǫs de jurisprudencia de la Corte Constitucional  |h [Recurso electrn̤ico] /  |c Luis Guillermo Guerrero Přez, Miguel Polo Rosero 
256 |a Servicio en ln̕ea 
260 |a Bogot:̀  |b Pontificia Universidad Javeriana,  |c 2019 
300 |a 1 recurso electrn̤ico 
506 1 |a Disponible solo en los productos indicados  |d vLex Global  |d vLex Global (Academic Edition, excluding Law Schools)  |d vLex Global (U.S. Academic Edition, Law Schools)  |d vLex Global (U.S. Academic Edition, excluding Law Schools)  |d vLex Global (Academic Edition, Law Schools) 
650 0 4 |a Derecho Constitucional  |z Colombia 
700 1 |a Polo Rosero, Miguel 
700 1 |a Escobar Garca̕, Claudia 
740 0 |a vLex Libros (Servicio en ln̕ea) 
856 4 0 |u http://vlex.com/source/balance-de-25-a-os-de-jurisprudencia-de-la-corte-constitucional-32265  |z Acceso restringido 
942 |c BOOK 
999 0 |a Constitutional right